| 000 | 00349nam a2200121Ia 4500 | ||
|---|---|---|---|
| 008 | 160523s9999 xx 000 0 und d | ||
| 100 | _aDainow, Ernie. | ||
| 245 | _aHow computers work: A simple explanation | ||
| 245 | _cErnie Dainow. | ||
| 260 | _c2016 | ||
| 650 | _xInformation Technology. | ||
| 856 | _uhttp://www.smashwords.com/books/view/630245 | ||
| 999 |
_c294694 _d294694 |
||